Basava marga (Record no. 223450)
[ view plain ]
| 000 -LEADER | |
|---|---|
| fixed length control field | 00808nam a22002057a 4500 |
| 005 - DATE AND TIME OF LATEST TRANSACTION | |
| control field | 20240711163302.0 |
| 008 - FIXED-LENGTH DATA ELEMENTS--GENERAL INFORMATION | |
| fixed length control field | 220623b ||||| |||| 00| 0 eng d |
| 040 ## - CATALOGING SOURCE | |
| Transcribing agency | Aloy |
| 041 ## - LANGUAGE CODE | |
| Language code of text/sound track or separate title | Kannada |
| 082 ## - DEWEY DECIMAL CLASSIFICATION NUMBER | |
| Edition number | 23 |
| Classification number | 294.564K |
| Item number | SATB |
| 100 ## - MAIN ENTRY--PERSONAL NAME | |
| Personal name | Ringanna Satyampete |
| 100 ## - MAIN ENTRY--PERSONAL NAME | |
| Personal name | ರಂಗಣ್ಣ ಸತ್ಯಂಪೇಟೆ Ed |
| 100 ## - MAIN ENTRY--PERSONAL NAME | |
| 9 (RLIN) | 173184 |
| 100 ## - MAIN ENTRY--PERSONAL NAME | |
| 9 (RLIN) | 173185 |
| 245 ## - TITLE STATEMENT | |
| Title | Basava marga |
| Remainder of title | ಬಸವ ಮಾರ್ಗ |
| 260 ## - PUBLICATION, DISTRIBUTION, ETC. | |
| Place of publication, distribution, etc. | Kalaburgi: |
| Name of publisher, distributor, etc. | Agni Ankusha Patrike Prakashana, |
| Date of publication, distribution, etc. | 2002. |
| 300 ## - PHYSICAL DESCRIPTION | |
| Extent | 32p. |
| Other physical details | PB |
| Dimensions | 21x14cm. |
| 650 ## - SUBJECT ADDED ENTRY--TOPICAL TERM | |
| Topical term or geographic name entry element | Basavadi Sharanaru |
| 9 (RLIN) | 44639 |
| Source of heading or term | ಬಸವಾದಿ ಶರಣರು |
| 700 ## - ADDED ENTRY--PERSONAL NAME | |
| Personal name | SATYAMPETE (Ranganna): ಸತ್ಯಂಪೇಟೆ ( ರಂಗಣ್ಣ) Ed |
| 9 (RLIN) | 44640 |
| 700 ## - ADDED ENTRY--PERSONAL NAME | |
| Personal name | SATYAMPETE (Shivaranjan): ಸತ್ಯಂಪೇಟೆ (ಶಿವರಂಜನ್) Ed |
| 9 (RLIN) | 44641 |
| 942 ## - ADDED ENTRY ELEMENTS (KOHA) | |
| Source of classification or shelving scheme | Dewey Decimal Classification |
| Koha item type | George Fernandes Collections |
| Withdrawn status | Lost status | Source of classification or shelving scheme | Damaged status | Not for loan | Collection code | Home library | Current library | Date acquired | Total Checkouts | Full call number | Barcode | Date last seen | Price effective from | Koha item type |
|---|---|---|---|---|---|---|---|---|---|---|---|---|---|---|
| Dewey Decimal Classification | Others | St Aloysius Library | St Aloysius Library | 03/24/2013 | 294.564K SATB | GF02922 | 06/23/2022 | 06/23/2022 | George Fernandes Collections |